MARC

LEADER 00000nam0a2200000 4500
001 204901
005 20231031190239.0
010 |a 5100016280 
035 |a (RuTPU)RU\TPU\book\223345 
090 |a 204901 
100 |a 20111203d1990 m y0rusy50 ca 
101 0 |a rus 
102 |a RU 
105 |a a z 000zy 
200 1 |a Блюда из птицы  |f С. П. Ботанин 
210 |a Москва  |c Агропромиздат  |d 1990 
215 |a 175 с.  |c ил. 
610 1 |a кулинария 
610 1 |a супы 
610 1 |a вторые блюда 
610 1 |a кулинарная обработка 
610 1 |a полезные советы 
610 1 |a рецепты 
675 |a 64  |v 3 
700 1 |a Ботанин  |b С. П.  |g Савва Перфильевич 
801 1 |a RU  |b 63413507  |c 20111203 
801 2 |a RU  |b 63413507  |c 20111205  |g RCR 
942 |c BK